000 00291nam a22001337a 4500
008 171006b xxu||||| |||| 00| 0 eng d
020 _a0394710312
041 _aeng
080 _a159.9
100 _a49
101 _aPSI
245 _aTHE PARENT'S HANDBOOK
_cDINKMEYER,D
942 _2udc
_cBK
999 _c32242
_d32242